000 00504nam a2200181Ia 4500
005 20250508152425.0
008 008 250505s9999 xx 000 0 eng d
037 _aTextual
040 _aFEDL
_beng
_cFEDL
041 _aeng
_2eng
084 _a701, COO
_qFEDL
100 _aCommaraswamy Ananda K
_956489
245 0 _aChristian and oriental philosophy of art
260 _aNew York, USA
_bDover Publications
300 _a146p.
942 _cTEXL
_h701, COO
999 _c1336328
_d1336328